Orlando Bloom Movies Quiz Stats

 Plays Quiz Updated Dec 31, 2020

Support Sporcle.
Go Orange.
Score 0/30 Timer 07:00
2 Plays Today
Year Film % Correct
2002Lord of the Rings: The Two Towers
91.7%
2001Lord of the Rings: The Fellowship of the Ring
90.5%
2003Pirates of the Caribbean: Curse of the Black Pearl
89.6%
2003Lord of the Rings: Return of the King
89.4%
2006Pirates of the Caribbean: Dead Man's Chest
81.1%
2007Pirates of the Caribbean: At World's End
78.7%
2013The Hobbit: The Desolation of Smaug
73.8%
2014The Hobbit: Battle of the Five Armies
68.8%
2017Pirates of the Caribbean: Dead Men Tell No Tales
66.9%
2004Troy
57.9%
2005Elizabethtown
40.3%
2005Kingdom of Heaven
38.1%
2014Romeo & Juliet
38%
2011The Three Musketeers
30.1%
2001Black Hawk Down
22.4%
Year Film % Correct
2004The Calcium Kid
16.6%
2003Ned Kelly
15.2%
2019The Outpost
13.7%
1997Wilde
12.7%
2011The Good Doctor
11.8%
2004Haven
10.7%
2017Unlocked
10.5%
2013Zulu
10%
2009New York, I Love You
9.4%
2015Digging for Fire
9.3%
2017S.M.A.R.T. Chase
9.2%
2017Romans
8.9%
2010Main Street
7.7%
2006Love and Other Disasters
7.5%
2010Sympathy for Delicious
6.8%

From the Vault

Highest Grossing Movies (2016)

by manonthemoon

Movies 8m
How many of these movies did you see?
Remove Ads.
Support Sporcle.
Get the best of Sporcle when you Go Orange. This ad-free experience offers more features, more stats, and more fun while also helping to support Sporcle. Thank you for becoming a member.

Show Comments

Extras

Top Quizzes Today


Score Distribution

Your Account Isn't Verified!

In order to create a playlist on Sporcle, you need to verify the email address you used during registration. Go to your Sporcle Settings to finish the process.

Report this User

Report this user for behavior that violates our Community Guidelines.

Details: